Lliure per molts anys, lliure! /
Descripción Física:
5 pàgs. ; il col. ; 29 cm.
Colección:
Arrel : revista editada per la Diputació de Barcelona
; Núm. 17 (febrer, 1987) ; pàgs. 119-123
Materias:
Teatre Lliure -- Aniversaris, etc.
MARC
| LEADER | 00000nab a2200000 a 4500 | ||
|---|---|---|---|
| 001 | 10258 | ||
| 003 | Arxiu | ||
| 005 | 20260326124740.0 | ||
| 008 | 160829s9999 xx 000 0 cat d | ||
| 100 | |a Burguet i Ardiaca, Francesc |9 30900 | ||
| 245 | |a Lliure per molts anys, lliure! / |c Francesc Burguet i Ardiaca | ||
| 260 | |a Barcelona : |b Diputació de Barcelona ; |c 1987 | ||
| 300 | |a 5 pàgs. ; |b il col. ; |c 29 cm. | ||
| 490 | |a Arrel : revista editada per la Diputació de Barcelona ; |v Núm. 17 (febrer, 1987) ; pàgs. 119-123 |x 0211-562X | ||
| 650 | |a Teatre Lliure |x Aniversaris, etc. |9 29119 | ||
| 856 | 4 | |u https://media.diba.cat/diba/fitxers/arxiu/hemeroteca/arrel/10258/bib_10258_1987_n01_a18_baixa.pdf |y Accés lliure | |
| 901 | |a Arxiu | ||
| 942 | |n 1 |2 udc |c Articles de revista | ||
| 952 | |0 0 |1 0 |2 udc |4 0 |6 REV95 |7 1 |9 50985 |a Arxiu |b Arxiu |d 2016-12-01 |o Rev-95 |r 2016-12-01 00:00:00 |w 2016-12-01 |y ARXIU | ||
| 999 | |c 54828 |d 54828 | ||
| 900 | |a bib_10258_1987_n01_a18_baixa.pdf | ||